[Event "VIE-ch U15"]
[Site "Da Lat"]
[Date "2013.07.??"]
[Round "3"]
[White "Le, Minh Tu"]
[Black "Tran, Le Kien Quoc"]
[Result "1-0"]
[WhiteElo "1663"]
[BlackElo "1975"]
[PlyCount "41"]
[EventDate "2013.07.13"]
[EventType "swiss"]
[EventRounds "9"]
[EventCountry "VIE"]
[SourceTitle "EXT 2014"]
[Source "ChessBase"]
[SourceDate "2013.11.20"]
[SourceVersion "1"]
[SourceVersionDate "2013.11.20"]
[SourceQuality "1"]

1. d4 d5 2. c4 c6 3. Nf3 Nf6 4. e3 e6 5. b3 Nbd7 6. Bd3 Bd6 7. Bb2 0-0 8. 0-0 b6 9. Nbd2 Bb7 10. Qc2 Re8 11. Rfd1 Rc8 12. Rac1 Bb8 13. Qb1 Qc7 14. Ne5 h6 15. Ndf3 Nxe5 16. dxe5 Nd7 17. cxd5 exd5 18. Qa1 Nf8 19. Nd4 Qe7 20. Nf5 Qd7 21. Nxg7 1-0